000 01034nam a2200265 i 4500
001 bg
003 KOSZ 005
005 20201006131533.0
008 161201s1966 pl a f 001 0 pol
040 _aWA N
_cKOSZ 005/RW
_dKOSZ 005/RW
080 _a621.3:538
100 1 _aCollin, Robert E.
_d(1928-2010)
245 1 0 _aProwadzenie fal elektromagnetycznych /
_cRobert E. Collin ; tł. R. Gagla i St. Przeździecki.
246 1 _iTyt. oryg.:
_aField theory of guided waves.
260 _aWarszawa :
_bWydawnictwa Naukowo-Techniczne,
_c1966.
300 _a676, [2] s. :
_bil. ;
_c25 cm.
380 _aKsiążki.
504 _aBibliogr. przy rozdz. Indeks.
650 4 _aFale elektromagnetyczne
700 1 _aPrzeździecki, Stanisław
_c(elektrotechnik)
_eTłumaczenie
700 1 _aGagla, Ryszard.
_eTłumaczenie
710 2 _aWydawnictwa Naukowo-Techniczne
_4pbl.
856 _uhttp://koha.tu.koszalin.pl/cgi-bin/koha/opac-detail.pl?biblionumber=10657
_yKatalog online BPK
942 _2UKD
_cKS
999 _c10657
_d10657